000 00385nam a2200157Ia 4500
100 _aAnalog devices
650 _aElectrical Engineering
490 _vI
942 _cBK
654 _aData converter reference manual vol-I
245 _aData Converter Reference Manual- Vol-I
260 _bAnalog devices
_aUSA
_c1992
082 _a621.3817
546 _aENGLISH
999 _c24407
_d24407